Μαθήματα προγραμματισμού : εισαγωγή με τη γλώσσα Pascal
Αποθηκεύτηκε σε:
| Κύριος συγγραφέας: | |
|---|---|
| Άλλοι συγγραφείς: | |
| Μορφή: | Βιβλίο |
| Γλώσσα: | Greek |
| Δημοσίευση: |
Αθήνα :
1984
|
| Θέματα: | |
| Ετικέτες: |
Προσθήκη ετικέτας
Δεν υπάρχουν, Καταχωρήστε ετικέτα πρώτοι!
|
MARC
| LEADER | 00000cam a2200000 i 4500 | ||
|---|---|---|---|
| 001 | 1/19838 | ||
| 008 | 960327s1984 gre d | ||
| 035 | |l 10021418 | ||
| 040 | |a GR-MY-UA |b gre |e aacr | ||
| 041 | 0 | |a gre | |
| 082 | 0 | |a 005.133 | |
| 100 | 1 | |a Αλεβίζος, Θ. | |
| 245 | 1 | 0 | |a Μαθήματα προγραμματισμού : |b εισαγωγή με τη γλώσσα Pascal / |c Θ. Αλεβίζος, Α. Καμπουρέλης |
| 260 | |a Αθήνα : |c 1984 | ||
| 300 | |a 384 σ. | ||
| 650 | 0 | 0 | |a Pascal (Computer program language) |
| 700 | 1 | |a Καμπουρέλης, Α. | |
| 852 | |a INST |b CHIOS |e 19960328 |h 005.133 ΑΛΕ |p 005200000544 |q 005200000544 |t BK |y 0 | ||
| 852 | |a INST |b CHIOS |e 19960328 |h 005.133 ΑΛΕ |p 005200000545 |q 005200000545 |t BK |y 0 | ||
| 852 | |a INST |b CHIOS |e 19960328 |h 005.133 ΑΛΕ |p 005200000546 |q 005200000546 |t BK |y 0 | ||
| 852 | |a INST |b CHIOS |e 19960328 |h 005.133 ΑΛΕ |p 005200000547 |q 005200000547 |t BK |y 0 | ||
| 852 | |a INST |b CHIOS |e 19960328 |h 005.133 ΑΛΕ |p 005200000548 |q 005200000548 |t BK |y 0 | ||
| 852 | |a INST |b CHIOS |e 19960328 |h 005.133 ΑΛΕ |p 005200000549 |q 005200000549 |t BK |y 0 | ||
| 852 | |a INST |b CHIOS |e 19960327 |h 005.133 ΑΛΕ |p 005200006779 |q 005200006779 |t BK |y 0 | ||
| 852 | |a INST |b CHIOS |e 19960327 |h 005.133 ΑΛΕ |p 005200006780 |q 005200006780 |t BK |y 0 | ||
| 852 | |a INST |b CHIOS |e 19960327 |h 005.133 ΑΛΕ |p 005200006781 |q 005200006781 |t BK |y 0 | ||
| 852 | |a INST |b CHIOS |e 19960328 |h 005.133 ΑΛΕ |p 005200006782 |q 005200006782 |t BK |y 0 | ||
| 852 | |a INST |b CHIOS |e 19960328 |h 005.133 ΑΛΕ |p 005200006783 |q 005200006783 |t BK |y 0 | ||
| 852 | |a INST |b CHIOS |e 19960327 |h 005.133 ΑΛΕ |p 005200006784 |q 005200006784 |t BK |y 0 | ||
| 852 | |a INST |b CHIOS |e 19960328 |h 005.133 ΑΛΕ |p 005200006788 |q 005200006788 |t BK |y 0 | ||
| 852 | |a INST |b CHIOS |e 19960516 |h 005.133 ΑΛΕ |p 005200008323 |q 005200008323 |t BK |y 12 | ||
| 852 | |a INST |b CHIOS |e 19960516 |h 005.133 ΑΛΕ |p 005200008408 |q 005200008408 |t BK |y 0 | ||
| 852 | |a INST |b CHIOS |e 19960516 |h 005.133 ΑΛΕ |p 005200008409 |q 005200008409 |t BK |y 0 | ||
| 909 | |a Χ |b 013624 | ||
| 909 | |a Χ |b 013626 | ||
| 909 | |a Χ |b 001275 | ||
| 909 | |a Χ |b 002307 | ||
| 909 | |a Χ |b 042680 | ||
| 909 | |a Χ |b 042679 | ||
| 909 | |a Χ |b 042678 | ||
| 909 | |a Χ |b 042677 | ||
| 909 | |a Χ |b 042676 | ||
| 909 | |a Χ |b 042675 | ||
| 909 | |a Χ |b 042674 | ||
| 909 | |a Χ |b 042673 | ||
| 909 | |a Χ |b 042672 | ||
| 909 | |a Χ |b 013625 | ||
| 909 | |a Χ |b 045557 | ||
| 909 | |a Χ |b 045569 | ||